Statistics for Fill in the JetPunk Fish by Guessing Flags

Click here to take the quiz!

General Stats

  • This quiz has been taken 2,022 times
  • The average score is 5 of 6

Answers on the Map

Answers color-coded by a green-red scale on the quiz's map according to % correct below.
 

Answer Stats

ColorColorPortion% Correct

WhiteEyeball
87%

GreenBack Fin
83%

GreenMouth
83%

GreenSide Fin
83%

YellowBody
80%

BlueIris
79%

Score Distribution

Percentile by Number Answered

Percent of People with Each Score

Your Score History

You have not taken this quiz